000 00621nam a22002297a 4500
003 UA-OsUOA
001 64551
007 ta
008 20091105b un ||||| |||| 00| 0 ukr d
100 _aКарцев В.
090 _a001.89:316.66
_bК21
942 _cBK
040 _aUA-OsUOA
_brus
_cUA-OsUOA
_dUA-OsUOA
245 _aСоциальная психология науки и проблемы историко-научных исследований
300 _a307 с.
955 _a1
041 _arus
080 _a001.89:316.66
260 _aМ.
_bНаука
_c1984
650 7 _2UDC
999 _c350480
_d350480